The journal of ecclesiastical history

Detalles Bibliográficos
Formato: Electrónico Revista
Lenguaje:inglés
Publicado: [Cambridge, England] : Cambridge University Press
Materias:
Acceso en línea:Full text available from Research Library: 01/01/2001 to 1 year ago

MARC

LEADER 00000nas a2200000 a 4500
001 ssj0013043
003 WaSeSS
005 20200512172242.0
006 m d
007 cr n
008 000602c19509999enkqr pss 0 0eng c
010 |a  2012236853 
022 |y 0022-0469 
035 |a (WaSeSS)ssj0013043 
037 |b Cambridge University Press, The Edinburgh Building, Shaftesbury Road, Cambridge CB2 2RU, United Kingdom 
040 |a F#A  |b eng  |c F#A  |d OCLCQ  |d OCL  |d UV0  |d UQ1  |d SYB  |d OCLCQ  |d NOC  |d OCLCO  |d OCLCE  |d OCLCQ  |d OCLCF  |d COO  |d OCLCO  |d OCLCQ  |d RCE  |d VT2  |d WaSeSS 
042 |a pcc 
050 1 4 |a BR140  |b .J6 
082 0 4 |a 270.05 
130 0 |a Journal of ecclesiastical history (Online) 
245 1 4 |a The journal of ecclesiastical history  |h [electronic resource]. 
260 |a [Cambridge, England] :  |b Cambridge University Press 
310 |a Quarterly 
362 1 |a Print began with vol. 1 in Apr. 1950. 
506 |a License restrictions may limit access. 
538 |a Mode of access: World Wide Web. 
588 |a Description based on: Vol. 50, no. 3 (1999); title from journal information screen (viewed May 1, 2000). 
650 0 |a Church history  |v Periodicals. 
650 6 |a Église  |x Histoire  |v Périodiques. 
650 7 |a Church history.  |2 fast  |0 (OCoLC)fst00860740 
650 1 7 |a Kerkgeschiedenis (wetenschap)  |2 gtt 
650 7 |a Ecclésiologie.  |2 rasuqam 
650 1 7 |a Histoire de l'Église.  |2 rasuqam 
655 0 |a Electronic journals. 
776 0 8 |i Print version:  |t Journal of ecclesiastical history  |x 0022-0469  |w (DLC) 58020553  |w (OCoLC)1604275 
856 4 0 |z Full text available from Research Library: 01/01/2001 to 1 year ago  |u https://search.proquest.com/publication/35919